000 01469nam0a2200349 4500
001 RU\NLR\bibl\1141666
005 20260405142211.0
010 _a978-5-699-20451-9
_95000
021 _aRU
_b2007-59513
_93180
035 _a(nilc)EL/0000139291
035 _a(NLR Aleph) 001128525
090 _a1343057
_c1343057
100 _a20070821d2007 |||y0rusy50 ca
101 1 _arus
_ceng
102 _aRU
105 _aa |||||||||
200 1 _aТанк против танка
_eиллюстрированная история важнейших танковых сражений ХХ века
_fКеннет Максей
_g[пер. с англ. А. Колина]
210 _aМосква
_cЭксмо
_d2007
215 _a191 с.
_cил., цв. ил., схем.
_d26
225 1 _aИллюстрированная история войн ХХ века
606 1 _aТанковые сражения
_z20 в.
_92493904
_3RU\NLR\auth\661479554
606 1 _aБронетанковая техника
_xИстория
_92258059
_3RU\NLR\auth\661354098
686 _a68.513
_vLBC/PL
_2rubbk
686 _a63.3(0)6
_vLBC/PL
_2rubbk
686 _aЦ53,5(0)0-5
700 1 _4070
_8rus
_7ca
_aМакси
_bК. Дж.
_f1923-2005
_gКеннет Джон
_3RU\NLR\auth\7758170
_941102
801 0 _aRU
_bЦУНБ Москва
_c20070821
_grcr
801 1 _aRU
_bЦУНБ Москва
_c20070821
_2rusmarc
801 2 _aRU
_bNLR
_c20071016
_grcr
942 _cBOOK
980 _aNB